Catálogo

PROGESO SOCIAL Y REVOLUCION : (Registro nro. 16433)

Detalles MARC
000 -LEADER
fixed length control field 00545nam a2200193 a 4500
001 - CONTROL NUMBER
control field 16433
005 - DATE AND TIME OF LATEST TRANSACTION
control field 20180713205350.0
008 - FIXED-LENGTH DATA ELEMENTS--GENERAL INFORMATION
fixed length control field 140415s1987 000 0 spa d
020 ## - INTERNATIONAL STANDARD BOOK NUMBER
International Standard Book Number 8474901642
041 ## - LANGUAGE CODE
Language code of text/sound track or separate title spa
082 ## - DEWEY DECIMAL CLASSIFICATION NUMBER
Classification number 181.115
Item number SCH
100 1# - MAIN ENTRY--PERSONAL NAME
Personal name SCHMITZ, HEINZ R.
245 10 - TITLE STATEMENT
Title PROGESO SOCIAL Y REVOLUCION :
Remainder of title LA ILUSION DIALECTICA
260 ## - PUBLICATION, DISTRIBUTION, ETC.
Place of publication, distribution, etc. [s.l.] :
Name of publisher, distributor, etc. EDICIONES ENCUENTRO,
Date of publication, distribution, etc. 1987
300 ## - PHYSICAL DESCRIPTION
Extent 145
490 ## - SERIES STATEMENT
Series statement LIBROS DE BOLSILLO
Volume/sequential designation 37
650 14 - SUBJECT ADDED ENTRY--TOPICAL TERM
Topical term or geographic name entry element DIALECTICA
700 1# - ADDED ENTRY--PERSONAL NAME
Personal name ROSON ALONSO, ANTONIO-GABRIEL
Relator term tr.
Existencias
Withdrawn status Lost status Source of classification or shelving scheme Damaged status Not for loan Collection code Home library Current library Shelving location Date acquired Source of acquisition Inventory number Total Checkouts Full call number Barcode Date last seen Price effective from Koha item type
    Dewey Decimal Classification     General Biblioteca Karol Wojtyla Biblioteca Karol Wojtyla Sala general 03/12/2013 Compra 151000000000000000062825   181.115 SCH 34228 05/01/2026 04/02/2016 Libro